Southville International School and Colleges
Your cart is empty.
  • Cart
  • Lists
    Public lists list_1 View all
    Your lists Log in to create your own lists
  • Log in to your account
  • Your cookies
  • Search history
Southville International School and Colleges
  • Advanced search
  • Recent comments
  • Most popular
  • Libraries

Log in to your account

Log in with GOOGLE


If you do not have an external account, but do have a local account, you can still log in:

  1. Home
  2. MARC view: Cleopatra
Normal view MARC view ISBD view

Cleopatra (Record no. 365936)

[ view plain ]
MARC details
000 -LEADER
fixed length control field 00604nam a22002057a 4500
003 - CONTROL NUMBER IDENTIFIER
control field 0
005 - DATE AND TIME OF LATEST TRANSACTION
control field 20240416122153.0
008 - FIXED-LENGTH DATA ELEMENTS--GENERAL INFORMATION
fixed length control field 240416b xxu||||| |||| 00| 0 eng d
020 ## - INTERNATIONAL STANDARD BOOK NUMBER
International Standard Book Number 978-1-250-16621-0
050 ## - LIBRARY OF CONGRESS CALL NUMBER
Classification number TR
Item number Cle628 2019
082 ## - DEWEY DECIMAL CLASSIFICATION NUMBER
Classification number TR
Item number Cle628 2019
100 ## - MAIN ENTRY--PERSONAL NAME
Personal name
245 ## - TITLE STATEMENT
Title Cleopatra
Statement of responsibility, etc Text by Patricia Crete
250 ## - EDITION STATEMENT
Edition statement First edition
260 ## - PUBLICATION, DISTRIBUTION, ETC. (IMPRINT)
Place of publication, distribution, etc New York
Name of publisher, distributor, etc Roaring Brook Press
Date of publication, distribution, etc c2014.
300 ## - PHYSICAL DESCRIPTION
Extent unpaged :
Other physical details colored illustrations ;
Dimensions 15cm.
600 ## - SUBJECT ADDED ENTRY--PERSONAL NAME
Personal name Cleopatra.
650 ## - SUBJECT ADDED ENTRY--TOPICAL TERM
Topical term or geographic name as entry element Ancient Egypt Cleopatra VII, Queen of Egypt, B.C.48-B.C.30--Biographies
942 ## - ADDED ENTRY ELEMENTS (KOHA)
Source of classification or shelving scheme Dewey Decimal Classification
Koha item type Books
Holdings
Withdrawn status Lost status Source of classification or shelving scheme Damaged status Home library Current library Shelving location Date acquired Source of acquisition Total Checkouts Full call number Barcode Date last seen Price effective from Koha item type
    Dewey Decimal Classification   Munich Library Munich Library Teachers Reference Section 04/16/2024 Library Fund   TR Cle628 2019 M8578 04/16/2024 04/16/2024 Books

Cleopatra

APA

, . (2014). Cleopatra. New York: Roaring Brook Press.

Chicago

, . 2014. Cleopatra. New York: Roaring Brook Press.

Harvard

, . (2014). Cleopatra. New York: Roaring Brook Press.

MLA

, . Cleopatra. New York: Roaring Brook Press. 2014.

  • Place hold
  • Print
  • Cite
  • Add to your cart (remove)
  • Save record
    BIBTEX Dublin Core MARCXML MARC (non-Unicode/MARC-8) MARC (Unicode/UTF-8) MARC (Unicode/UTF-8, Standard) MODS (XML) RIS
  • More searches
    Search for this title in:
    Other Libraries (WorldCat) Other Databases (Google Scholar) Online Stores (Bookfinder.com) Open Library (openlibrary.org)

Exporting to Dublin Core...

SOUTHVILLE LIBRARY

Southville International School and Colleges Library

1281 Tropical Ave. Cor. Luxembourg St., BF Homes International, Las Pinas City

Tel. No. 8256374 / 252358 Loc. 117/146

Powered by Koha